Managing small water systems : a cost study (Record no. 875)
[ view plain ]
| 000 -LEADER | |
|---|---|
| fixed length control field | 00991 a2200289 4500 |
| 005 - DATE AND TIME OF LATEST TRANSACTION | |
| control field | 20210601175711.0 |
| 008 - FIXED-LENGTH DATA ELEMENTS--GENERAL INFORMATION | |
| fixed length control field | 210211b1979 ohu||||| |||| 00| 0 eng d |
| 040 ## - CATALOGING SOURCE | |
| Original cataloging agency | NLI |
| Language of cataloging | eng |
| Transcribing agency | Foreign Officials Division |
| 041 0# - LANGUAGE CODE | |
| Language code of text/sound track or separate title | eng |
| 044 ## - COUNTRY OF PUBLISHING/PRODUCING ENTITY CODE | |
| MARC country code | ohu |
| 082 04 - DEWEY DECIMAL CLASSIFICATION NUMBER | |
| Edition number | 23rd ed. |
| Classification number | US 628.50973 |
| Item number | Un 31(V.1/1979) |
| 100 1# - MAIN ENTRY--PERSONAL NAME | |
| Linkage | 880-01 |
| 110 ## - MAIN ENTRY--CORPORATE NAME | |
| Corporate name or jurisdiction name as entry element | United States. |
| Subordinate unit | Environmental Protection Agency |
| 9 (RLIN) | 222 |
| 245 ## - TITLE STATEMENT | |
| Title | Managing small water systems : a cost study |
| Linkage | 880-02 |
| 260 ## - PUBLICATION, DISTRIBUTION, ETC. | |
| Name of publisher, distributor, etc. | Municipal Environmental Research Laboratory ; |
| Date of publication, distribution, etc. | 1979 |
| Place of publication, distribution, etc. | Ohio : |
| 300 ## - PHYSICAL DESCRIPTION | |
| Extent | xviii,198p.: |
| Other physical details | ill. ; |
| Dimensions | 28 cm. |
| 490 ## - SERIES STATEMENT | |
| Series statement | Environmental Protection Technology ; |
| Volume/sequential designation | 9 |
| 500 ## - GENERAL NOTE | |
| General note | Contract no.68-03-2071 |
| 650 #0 - SUBJECT ADDED ENTRY--TOPICAL TERM | |
| Topical term or geographic name entry element | Water-supply engineering |
| General subdivision | Costs. |
| 9 (RLIN) | 1340 |
| 650 #0 - SUBJECT ADDED ENTRY--TOPICAL TERM | |
| Topical term or geographic name entry element | Water-supply |
| General subdivision | Costs. |
| Geographic subdivision | United States |
| 9 (RLIN) | 1341 |
| 650 #0 - SUBJECT ADDED ENTRY--TOPICAL TERM | |
| Topical term or geographic name entry element | Water-supply |
| General subdivision | Costs. |
| 9 (RLIN) | 1342 |
| 700 1# - ADDED ENTRY--PERSONAL NAME | |
| Linkage | 880-03 |
| Relationship | jt. ed. |
| Personal name | Stevie, Richard G., |
| 9 (RLIN) | 1343 |
| 880 1# - ALTERNATE GRAPHIC REPRESENTATION | |
| Linkage | 100-01 |
| 887 ## - NON-MARC INFORMATION FIELD | |
| Content of non-MARC field | subrata271170 |
| 942 ## - ADDED ENTRY ELEMENTS (KOHA) | |
| Source of classification or shelving scheme | Dewey Decimal Classification |
| Koha item type | Books |
| Withdrawn status | Lost status | Source of classification or shelving scheme | Damaged status | Not for loan | Collection code | Home library | Current library | Shelving location | Date acquired | Source of acquisition | Total Checkouts | Full call number | Barcode | Date last seen | Price effective from | Koha item type |
|---|---|---|---|---|---|---|---|---|---|---|---|---|---|---|---|---|
| Dewey Decimal Classification | American Documents | National Library of India | National Library of India | Foreign Official Documents - American Documents | 11/02/2021 | Depository | US 628.50973 Un 31 (V.1/1979) | US72305 | 11/02/2021 | 11/02/2021 | Books |
